The Gospel for Children (Record no. 49117)
| 000 -LEADER | |
|---|---|
| fixed length control field | 00385nam a22001217a 4500 |
| 008 - FIXED-LENGTH DATA ELEMENTS--GENERAL INFORMATION | |
| fixed length control field | 250805b |||||||| |||| 00| 0 eng d |
| 020 ## - INTERNATIONAL STANDARD BOOK NUMBER | |
| International Standard Book Number | 9780966378689 |
| 100 ## - MAIN ENTRY--PERSONAL NAME | |
| Personal name | John B. Leuzarder (Author), Regina Orr (Illustrator) |
| 9 (RLIN) | 86462 |
| 245 ## - TITLE STATEMENT | |
| Title | The Gospel for Children |
| 260 ## - PUBLICATION, DISTRIBUTION, ETC. (IMPRINT) | |
| Place of publication, distribution, etc | New York |
| Name of publisher, distributor, etc | Shepherd Press |
| Date of publication, distribution, etc | 2002 |
| 300 ## - PHYSICAL DESCRIPTION | |
| Extent | 40 pages |
| Other physical details | col. ill. |
| Dimensions | 8.58 x 0.35 x 11.42 inches |
| 942 ## - ADDED ENTRY ELEMENTS (KOHA) | |
| Source of classification or shelving scheme | |
| Withdrawn status | Lost status | Source of classification or shelving scheme | Damaged status | Not for loan | Collection code | Home library | Current library | Date acquired | Total Checkouts | Full call number | Barcode | Date last seen | Price effective from | Koha item type |
|---|---|---|---|---|---|---|---|---|---|---|---|---|---|---|
| Siem Reap | Asian Hope Siem Reap | Asian Hope Siem Reap | 08/05/2025 | FIC JOH | 209153 | 08/05/2025 | 08/05/2025 | Book |